Loading...
| History - European History | 0 | 5 | 1 | 2 | 45 | 66 | 96.60 | 4 | 4 |
| History - World History | 0 | 5 | 2 | 1 | 40 | 68 | 94.00 | 0 | 3 |
| History - American History | 1 | 2 | 0 | 0 | 35 | 55 | 71.33 | 2 | 3 |
| History - Ancient History | 0 | 3 | 0 | 1 | 30 | 80 | 106.33 | 2 | 3 |
| Beliefs | 0 | 3 | 1 | 1 | 25 | 85 | 111.67 | 1 | 2 |
| Visual Arts | 0 | 2 | 0 | 0 | 20 | 93 | 102.50 | 0 | 2 |
| History - Other History | 1 | 1 | 1 | 0 | 20 | 38 | 78.50 | 0 | 1 |
| Other Academic | 1 | 0 | 0 | 0 | 15 | 43 | 43.00 | 1 | 1 |
| Fine Arts - Other Arts | 0 | 1 | 0 | 0 | 10 | 125 | 125.00 | 0 | 1 |
| Geography | 1 | 0 | 1 | 0 | 10 | 58 | 58.00 | 1 | 1 |
| Auditory Arts | 0 | 0 | 1 | 0 | -5 | 0.00 | 0 | 0 |